La mente asesina / (Record no. 19728)

MARC details
000 -LEADER
campo de control de longitud fija 00711nam a2200217 i 4500
001 - NÚMERO DE CONTROL
campo de control 19728
003 - IDENTIFICADOR DE NÚMERO DE CONTROL
campo de control ES-MaACL
007 - CAMPO FIJO DE DESCRIPCIÓN FÍSICA--INFORMACIÓN GENERAL
campo de control de longitud fija t|
008 - DATOS DE LONGITUD FIJA--INFORMACIÓN GENERAL
campo de control de longitud fija 021009s1976 mx ||||1| spa d
100 1# - ENTRADA PRINCIPAL--NOMBRE DE PERSONA
Nombre de persona Abrahamsen, David,
9 (RLIN) 18128
245 13 - MENCIÓN DEL TÍTULO
Título La mente asesina /
Mención de responsabilidad, etc. David Abrahamsen ; [traducción de Sergio Lugo Rendón].
250 ## - MENCION DE EDICION
Mención de edición [1ª ed.].
260 ## - PUBLICACIÓN, DISTRIBUCIÓN, ETC.
Lugar de publicación, distribución, etc. México :
Nombre del editor, distribuidor, etc. Fondo de Cultura Económica,
Fecha de publicación, distribución, etc. 1976.
300 ## - DESCRIPCIÓN FÍSICA
Extensión 268 p. ;
Dimensiones 21 cm.
490 1# - MENCIÓN DE SERIE
Mención de serie Biblioteca de psicología y psicoanálisis
504 ## - NOTA DE BIBLIOGRAFÍA, ETC.
Nota de bibliografía, etc. Bibliografía: p. 267-268.
700 1# - ENTRADA AGREGADA--NOMBRE PERSONAL
Nombre de persona Lugo Rendón, Sergio.
9 (RLIN) 74661
830 0# - PUNTO DE ACCESO ADICIONAL DE SERIE-TÍTULO UNIFORME
Título uniforme Biblioteca de psicología y psicoanálisis
9 (RLIN) 179941
852 ## - LOCALIZACIÓN
Ubicación ES-MaACL
Número de control de estantería L-9676
Sublocalización o colección R.111910
Holdings
Estatus retirado Estado de pérdida Estado de daño No para préstamo Biblioteca de origen Biblioteca actual Ubicación en estantería Fecha de adquisición Fuente de adquisición Total de préstamos Signatura topográfica completa Código de barras Visto por última vez Precio de reemplazo Tipo de ítem Koha
        Biblioteca del Ateneo de Madrid Biblioteca del Ateneo de Madrid Depósito 2 17/01/2008     L-9676 1020198 23/02/2023 23/02/2023 Libro impreso